00735nam a2200181 i 4500001000700000003000900007005001700016007000300033008004100036100004600077245017000123260003700293300002200330650004000352852002100392999001900413952012100432101960ES-MaACL20250827063218.0t|051028s1944 ag |||| | spa d1 aMéndez Calzada, Luis,d1888-194598014413aLa función judicial en las primeras épocas de la independencia b: estudio sobre la formación evolutiva del poder judicial argentino / cLuis Méndez Calzada. aBuenos Aires : bLosada, c1944. a496 p. ; c24 cm. 4aPoder judicial-zArgentina.9168576 aES-MaACLjF-5149 c101960d101960 00104070aATENEOMbATENEOMcDEPO2d2008-01-17eSCl0oF-5149p1106441r2023-02-23 00:00:00w2023-02-23yMONOGRAFIA